[Event "Druzynowe Mistrzostwa Polski Juniorow - II liga"]
[Site "Sypniewo k. Jastrowia"]
[Date "2023-06-16"]
[Round "3.47"]
[White "Gornisiewicz, Natalia"]
[Black "Pietrzak, Emilia"]
[Result "0-1"]
[WhiteTitle "I++"]
[BlackTitle "I+"]
[WhiteElo "1533"]
[BlackElo "1456"]

1. d4 2. d5 3. c4 4. e6 5. g3 6. Nf6 7. Nf3 8. dxc4 9. Bg2 10. a6 11. Qc2 12. b5
13. Ne5 14. Nd5 15. a4 16. Bb7 17. O-O 18. Nb4 19. Qd1 20. Bxg2 21. Kxg2 22. N8c6
23. Nc3 24. Rb8 25. Nxc6 26. Nxc6 27. d5 28. exd5 29. Nxd5 30. Bd6 31. h4 32.
O-O 33. e4 34. Nb4 35. Ne3 36. Nd3 37. Nf5 38. Nxc1 39. Rxc1 40. g6 41. Nh6+ 42.
Kg7 43. Ng4 44. h5 45. Qd4+ 46. f6 47. Ne3 48. Be5 49. Qxd8 50. Rfxd8 51. axb5
52. axb5 53. Rc2 54. c6 55. Re2 56. Rd3 57. f4 58. Bd4 59. Nc2 60. Bxb2 61. Nb4
62. Rb3 63. Nxc6 64. Ra8 65. e5 66. Raa3 67. e6 68. Rxg3+ 69. Kh1 70. Rh3+ 71.
Kg1 72. Rag3+ 73. Rg2 74. Rxg2+ 75. Kxg2 76. Re3 77. e7 78. Ba3 79. Ra1 80. Bxe7
81. Ra7 82. Kf8 83. Ra8+ 84. Kf7 85. Ra7 86. c3 87. Nd4 88. b4 89. Rc7 90. Re4
91. Nc6 92. b3 93. Nxe7 94. Rxe7 95. Rxc3 96. Rb7 97. Rc1 98. b2 99. Rb1 100.
Ke6 101. Kf3 102. Kf5 103. Ke3 104. Kg4 105. Ke4 106. Kxh4 107. Kf3 108. Rb3+
109. Ke4 110. Kg3 111. Rg1+ 112. Kf2 113. Rb1 114. h4 0-1

[Event "Druzynowe Mistrzostwa Polski Juniorow - II liga"]
[Site "Sypniewo k. Jastrowia"]
[Date "2023-06-16"]
[Round "3.48"]
[White "Gorska, Amelia"]
[Black "Owczarek, Hanna"]
[Result "1/2-1/2"]
[WhiteTitle "I"]
[BlackTitle "I"]
[WhiteElo "1216"]
[BlackElo "1326"]

1. e4 2. c5 3. Nf3 4. e6 5. d4 6. cxd4 7. Nxd4 8. Nf6 9. Nc3 10. Bb4 11. Bd3 12.
d6 13. Bd2 14. O-O 15. O-O 16. b6 17. Qe2 18. Bb7 19. a3 20. Bxc3 21. Bxc3 22.
Nbd7 23. Nb3 24. Rc8 25. Rad1 26. Qe7 27. f3 28. Nc5 29. Nxc5 30. dxc5 31. Bc4
32. Rfd8 33. Qf2 34. Kh8 35. Qh4 36. Nd5 37. Qxe7 38. Nxe7 39. Kf2 40. a6 41.
Ke3 42. b5 43. Be2 44. Nc6 45. Rxd8+ 46. Rxd8 47. Rd1 48. Rxd1 49. Bxd1 50. e5
51. b4 52. c4 53. Be1 54. f6 55. c3 56. Kg8 57. a4 58. Bc8 59. a5 60. Kf7 61.
g4 62. Ne7 63. h4 64. g5 65. h5 1/2-1/2

[Event "Druzynowe Mistrzostwa Polski Juniorow - II liga"]
[Site "Sypniewo k. Jastrowia"]
[Date "2023-06-16"]
[Round "3.49"]
[White "Jagodzinski, Jaromir"]
[Black "Krasniewski, Szymon"]
[Result "1/2-1/2"]
[WhiteTitle "II+"]
[BlackTitle "I"]
[WhiteElo "1477"]
[BlackElo "1856"]

1. e4 2. c5 3. Nf3 4. e6 5. d4 6. cxd4 7. Nxd4 8. Nf6 9. Nc3 10. Nc6 11. Nxc6 12.
bxc6 13. e5 14. Nd5 15. Ne4 16. Bb7 17. c4 18. Nb4 19. a3 20. Qa5 21. Nd6+ 22.
Bxd6 23. Qxd6 24. Nd3+ 25. Ke2 26. Qxe5+ 27. Qxe5 28. Nxe5 29. b3 30. O-O 31.
Bf4 32. f6 33. c5 34. Ba6+ 35. Ke3 36. Bxf1 37. Rhxf1 38. Nf7 39. Rfd1 40. e5
41. Bg3 42. Rad8 43. f3 44. d5 45. cxd6 46. Nxd6 47. Be1 48. Nf5+ 49. Ke4 50.
Nd4 51. Bb4 52. Rfe8 53. Rac1 54. Kf7 55. Rd3 56. a6 57. Ke3 58. Ke6 59. Bc5 60.
Nf5+ 61. Ke2 62. Rxd3 63. Kxd3 64. Rd8+ 65. Ke2 66. Kd5 67. b4 68. Nd4+ 69. Bxd4
70. exd4 71. Rc5+ 72. Kd6 73. Kd3 74. Re8 75. Kd2 76. Kc7 77. Ra5 78. Kb6 79.
Rc5 80. Re5 81. Rc4 82. Kb5 83. Rc2 84. c5 85. bxc5 86. Rxc5 87. Rb2+ 88. Kc4
89. Rb4+ 90. Kd5 91. Ra4 92. a5 93. Kd3 94. Rc3+ 95. Kd2 96. Rb3 97. Rxa5+ 98.
Kc4 99. Ra4+ 100. Kc5 101. Kc2 102. Rc3+ 103. Kd2 104. g5 105. Ra5+ 106. Kc4 107.
Ra4+ 108. Kd5 109. Ra5+ 110. Ke6 111. Ra4 112. h5 113. Rxd4 114. Rxa3 115. Ke2
116. Ke5 117. Re4+ 118. Kf5 119. Rd4 120. h4 121. h3 122. Ra2+ 123. Rd2 124. Ra5
125. Kf2 126. Kf4 127. Rd4+ 128. Ke5 129. Rd2 130. f5 131. Re2+ 132. Kd4 133.
Rd2+ 134. Kc3 135. Re2 136. Rd5 137. Re3+ 138. Kd4 139. Re2 140. Kc4 141. Kf1
142. f4 143. Kf2 144. Kc3 145. Ra2 146. Re5 147. Re2 148. Ra5 149. Kf1 150. Kd3
151. Kf2 152. Rd5 153. Kf1 154. Kc3 155. Kf2 156. Kd3 157. Rb2 158. Kc3 159. Re2
160. Kd3 161. Rb2 162. Kc3 163. Rc2+ 1/2-1/2

[Event "Druzynowe Mistrzostwa Polski Juniorow - II liga"]
[Site "Sypniewo k. Jastrowia"]
[Date "2023-06-16"]
[Round "3.50"]
[White "Krasniewski, Maciej"]
[Black "Baranowski, Jan"]
[Result "1-0"]
[WhiteTitle "I"]
[BlackTitle "II"]
[WhiteElo "1696"]
[BlackElo "1294"]

1. d4 2. d5 3. c4 4. c6 5. Nc3 6. Nf6 7. Nf3 8. e6 9. e3 10. Bd6 11. Qc2 12. O-O
13. b3 14. Nbd7 15. Bb2 16. b6 17. Bd3 18. h6 19. O-O 20. Bb7 21. Rad1 22. Qc7
23. Rfe1 24. a6 25. e4 26. dxe4 27. Nxe4 28. Nxe4 29. Bxe4 30. Nf6 31. c5 32.
Be7 33. Ne5 34. Nd5 35. cxb6 36. Nxb6 37. Nxc6 38. Bxc6 39. Qxc6 40. Qxc6 41.
Bxc6 42. Rac8 43. Be4 44. Bf6 45. g3 46. Rc7 47. Rc1 48. Rfc8 49. Rxc7 50. Rxc7
51. Kg2 52. a5 53. Re2 54. Rd7 55. Rd2 56. a4 57. Kf3 58. axb3 59. axb3 60. g5
61. h3 62. Bg7 63. g4 64. Nd5 65. Rc2 66. Rd8 67. Bxd5 68. Rxd5 69. Rc4 70. Rb5
71. b4 72. Kf8 73. Rc7 74. Ke8 75. Bc3 76. Bf8 77. Rc8+ 78. Ke7 79. Ke3 80. Rb7
81. d5 82. exd5 83. Bd4 84. Rb5 85. Bc5+ 86. Rxc5 87. Rxc5 88. Ke6 89. Rb5 90.
Bg7 91. Rb7 92. Be5 93. Rb6+ 94. Kd7 95. Rb7+ 96. Bc7 97. Kd4 98. Kc6 99. Rxc7+
100. Kxc7 101. Kxd5 102. Kb6 103. Ke5 104. Kb5 105. Kf6 106. Kxb4 107. Kxf7 108.
Kc4 109. Kg6 110. Kd5 1-0

[Event "Druzynowe Mistrzostwa Polski Juniorow - II liga"]
[Site "Sypniewo k. Jastrowia"]
[Date "2023-06-16"]
[Round "3.51"]
[White "Ejsymont, Eryk"]
[Black "Rzap, Filip"]
[Result "1-0"]
[WhiteTitle "II+"]
[BlackTitle "II+"]
[WhiteElo "1385"]
[BlackElo "1511"]

1. e4 2. c5 3. Nf3 4. d6 5. d4 6. cxd4 7. Nxd4 8. Nf6 9. Nc3 10. a6 11. Be2 12.
e5 13. Nb3 14. Be6 15. O-O 16. Be7 17. Be3 18. O-O 19. Qd2 20. Nbd7 21. a4 22.
Qc7 23. a5 24. Nc5 25. Nxc5 26. dxc5 27. Nd5 28. Bxd5 29. exd5 30. Ne4 31. Qd3
32. Nd6 33. f4 34. e4 35. Qc3 36. Rac8 37. f5 38. Bf6 39. Qb3 40. Bd4 41. Bxd4
42. cxd4 43. f6 44. g6 45. Qh3 46. Qxc2 47. Qh6 48. Ne8 49. Rac1 50. Qxe2 51.
Rxc8 52. Qh5 53. Qxh5 54. gxh5 55. Rc4 56. Nd6 57. Rxd4 58. Rc8 59. b4 60. Rc2
61. Re1 62. h6 63. Rexe4 64. Nxe4 65. Rxe4 66. Rd2 67. Re7 68. Rxd5 69. Rxb7 70.
Rd1+ 71. Kf2 72. Rb1 73. Rb6 74. Kh7 75. Ke3 76. Rb3+ 77. Kd4 78. Rb2 79. Kc3
80. Rxg2 81. Rxa6 82. Rxh2 83. b5 84. Rg2 85. b6 86. Rg8 87. b7 88. Rb8 89. Rb6
90. h4 91. a6 92. h3 93. Rb1 94. h2 95. Rh1 1-0

[Event "Druzynowe Mistrzostwa Polski Juniorow - II liga"]
[Site "Sypniewo k. Jastrowia"]
[Date "2023-06-16"]
[Round "3.52"]
[White "Krasniewski, Grzegorz"]
[Black "Rabiej, Mateusz"]
[Result "1-0"]
[WhiteTitle "II"]
[BlackTitle "II"]
[WhiteElo "1220"]
[BlackElo "1243"]

1. e4 2. c6 3. d4 4. d5 5. Nc3 6. dxe4 7. Nxe4 8. Bf5 9. Ng3 10. Bg6 11. h4 12.
h6 13. Nf3 14. Nf6 15. h5 16. Bh7 17. Bd3 18. Bxd3 19. Qxd3 20. Nbd7 21. Bd2 22.
e6 23. O-O-O 24. Be7 25. Ne4 26. O-O 27. Rdg1 28. Nxe4 29. Qxe4 30. Nf6 31. Qe2
32. Nh7 33. g4 34. Ng5 35. Nxg5 36. Bxg5 37. f4 38. Bf6 39. c3 40. Be7 41. g5
42. Kh8 43. gxh6 44. gxh6 45. f5 exf5 46. Bxh6 47. Rg8 48. Rxg8+ 49. Qxg8 50.
Qxe7 51. Re8 52. Qf6+ 53. Kh7 54. Bf4 55. Qg7 56. Qxf5+ 57. Kh8 58. Be5 59. Rxe5
60. Qxe5 61. f6 62. Qe8+ 63. Kh7 64. Qg6+ 65. Qxg6 66. hxg6+ 67. Kxg6 68. Kd2
69. Kg5 70. Ke3 71. f5 72. Rg1+ 73. Kf6 74. Kf4 75. Ke6 76. Rg7 1-0

[Event "Druzynowe Mistrzostwa Polski Juniorow - II liga"]
[Site "Sypniewo k. Jastrowia"]
[Date "2023-06-16"]
[Round "3.53"]
[White "Nurkiewicz, Anna"]
[Black "Wasilowska, Anna"]
[Result "1-0"]
[WhiteTitle "I+"]
[BlackTitle "III"]
[WhiteElo "1247"]
[BlackElo "1252"]

1. d4 2. g6 3. e4 4. d6 5. Nc3 6. Bg7 7. f4 8. Nf6 9. Nf3 10. O-O 11. Bd3 12. Nbd7
13. e5 14. dxe5 15. fxe5 16. Ne8 17. Ng5 18. Nb6 19. Be3 20. Nd5 21. Nxd5 22.
Qxd5 23. Qe2 24. f6 25. Bc4 26. c6 27. Bxd5+ 28. cxd5 29. exf6 30. Rxf6 31. O-O-O
32. Nd6 33. Rhf1 34. a5 35. h4 36. h5 37. Rxf6 38. exf6 39. Bf4 40. Ne4 41. Nxe4
42. dxe4 43. Qxe4 44. Bf5 45. Qxb7 46. Rc8 47. Qb3+ 48. Kh7 49. d5 50. Bxc2 51.
Qxc2 52. Rxc2+ 53. Kxc2 54. g5 55. hxg5 56. fxg5 57. Bxg5 58. Kg6 59. Bd8 60.
Kf7 61. d6 62. Ke8 63. Bxa5 64. Kd7 65. b4 66. Be5 67. Bc7 68. Kc6 69. d7 70.
Bxc7 71. d8=Q 72. Bxd8 73. Rxd8 74. Kb5 75. Rh8 76. Kxb4 77. Rxh5 78. Ka3 79.
g4 80. Kxa2 81. Ra5# 1-0

[Event "Druzynowe Mistrzostwa Polski Juniorow - II liga"]
[Site "Sypniewo k. Jastrowia"]
[Date "2023-06-16"]
[Round "3.55"]
[White "Doroba, Ludwik"]
[Black "Kordowski, Karol"]
[Result "1-0"]
[WhiteTitle "II"]
[BlackTitle "II"]
[WhiteElo "1420"]
[BlackElo "1351"]

1. d4 2. Nf6 3. Bf4 4. g6 5. e3 6. Bg7 7. Be2 8. O-O 9. Nf3 10. d6 11. O-O 12.
Re8 13. h3 14. c5 15. c3 16. Qb6 17. Nbd2 18. Nbd7 19. Nc4 20. Qc7 21. a4 22.
b6 23. Bh2 24. Bb7 25. Na3 26. a6 27. c4 28. e5 29. d5 30. h6 31. Qc2 32. Nh7
33. e4 34. Rf8 35. Nb1 36. Qd8 37. Bd3 38. Bc8 39. Nfd2 40. Ra7 41. Nc3 42. Qe7
43. a5 44. Qd8 45. Nb3 46. Nb8 47. f4 48. exf4 49. Bxf4 50. Nf6 51. Na4 52. bxa5
53. Nc3 54. g5 55. Bh2 56. g4 57. e5 58. Nh5 59. hxg4 60. Bxg4 61. exd6 62. Rb7
63. Ne4 64. Nd7 65. Nf2 66. Qh4 67. Rab1 68. Rfb8 69. Nxa5 70. Rxb2 71. Rxb2 72.
Rxb2 73. Qc1 74. Bd4 75. Qe1 76. Qf6 77. Nc6 78. Nf4 79. Bxf4 80. Qxf4 81. Nxd4
82. Qxd4 83. Kh1 84. Rb8 85. Nxg4 86. Qxg4 87. Bf5 88. Qh5+ 89. Kg1 90. Nf8 91.
d7 92. Qg5 93. Rf3 94. Kh8 95. Qe5+ 96. f6 97. Qxb8 98. Qc1+ 99. Kh2 1-0

[Event "Druzynowe Mistrzostwa Polski Juniorow - II liga"]
[Site "Sypniewo k. Jastrowia"]
[Date "2023-06-16"]
[Round "3.56"]
[White "Bizon, Bartosz"]
[Black "Rumniak, Aleksy"]
[Result "0-1"]
[WhiteTitle "III"]
[BlackTitle "II"]
[WhiteElo "1082"]
[BlackElo "1272"]

1. d4 2. Nf6 3. c4 4. g6 5. Nc3 6. Bg7 7. e4 8. d6 9. f4 10. O-O 11. Nf3 12. c5
13. d5 14. e6 15. Be2 16. exd5 17. cxd5 18. Re8 19. Qc2 20. a6 21. a4 22. Qe7
23. Nd2 24. Bg4 25. h3 26. Bxe2 27. Kxe2 28. Nh5 29. Re1 30. Nxf4+ 31. Kf1 32.
Nd7 33. Nf3 34. Nh5 35. Rb1 36. Ne5 37. Nxe5 38. Bxe5 39. Be3 40. Qh4 41. Bf2
42. Qg5 43. Be3 44. Qg3 45. Qf2 46. Qh2 47. Qg1 48. Qxg1+ 49. Kxg1 50. b6 51.
Ne2 52. b5 53. axb5 54. axb5 55. Rec1 56. b4 57. Rc4 58. Ra2 59. Rc2 60. Nf6 61.
Nc1 62. Ra7 63. Nd3 64. Bg3 65. Rc4 66. Nxe4 67. Nxb4 68. Nf6 69. Bg5 70. Kg7
71. Bxf6+ 72. Kxf6 73. Nc6 74. Rb7 75. Rf1+ 76. Kg7 77. Rc2 78. Rb3 79. Rc3 80.
Re3 81. Rxe3 82. Rxe3 83. Rf3 84. Re1+ 85. Rf1 86. Re2 87. b4 88. cxb4 89. Nxb4
90. Rd2 91. Rf3 92. Rd1+ 93. Rf1 94. Rd4 95. Rb1 96. Bf4 97. Kf2 98. Bd2 99. Rd1
100. Bxb4 101. Rxd4 102. Bc5 103. Ke3 104. f5 105. Kd3 106. Bxd4 107. Kxd4 108.
Kf6 109. g4 110. fxg4 111. hxg4 112. h5 113. gxh5 114. gxh5 115. Ke4 116. Kg5
117. Kf3 118. Kf5 119. Kg3 120. Ke5 121. Kh4 122. Kxd5 123. Kxh5 124. Kd4 0-1

[Event "Druzynowe Mistrzostwa Polski Juniorow - II liga"]
[Site "Sypniewo k. Jastrowia"]
[Date "2023-06-16"]
[Round "3.58"]
[White "Karnowka, Kacper"]
[Black "Soja, Adam"]
[Result "1-0"]
[WhiteTitle "II"]
[BlackTitle "II"]
[WhiteElo "1151"]
[BlackElo "1238"]

1. e4 2. e5 3. Nf3 4. Nc6 5. Bc4 6. Bc5 7. O-O 8. Nf6 9. d4 10. Bxd4 11. Nxd4 12.
Nxd4 13. f4 14. Nc6 15. Bxf7+ 16. Kxf7 17. fxe5 18. Nxe5 19. Qd5+ Kf8 20. Qxe5
21. d6 22. Qd4 23. Ke7 24. Bg5 25. Rf8 26. Nc3 27. c6 28. Rae1 29. Qb6 30. Qxb6
31. axb6 32. e5 33. dxe5 34. Rxe5+ 35. Kf7 36. Ne4 37. Rxa2 38. Bxf6 39. gxf6
40. Rxf6+ 1-0

[Event "Druzynowe Mistrzostwa Polski Juniorow - II liga"]
[Site "Sypniewo k. Jastrowia"]
[Date "2023-06-16"]
[Round "3.59"]
[White "Mitrega, Wiktoria"]
[Black "Czerwinska, Oliwia"]
[Result "1/2-1/2"]
[WhiteTitle "I"]
[BlackTitle "I"]
[WhiteElo "1348"]
[BlackElo "1431"]

1. c4 2. e5 3. Nc3 4. Nc6 5. g3 6. g6 7. Bg2 8. Bg7 9. d3 10. d6 11. Nf3 12. Nge7
13. e4 14. f5 15. O-O 16. O-O 17. a3 18. h6 19. h3 20. f4 21. b4 22. g5 23. b5
24. Nd4 25. Nxd4 26. exd4 27. Nd5 28. c6 29. Nxe7+ 30. Qxe7 31. bxc6 32. bxc6
33. g4 34. Rb8 35. f3 36. Bd7 37. Qc2 38. Rb7 39. Rb1 40. Rfb8 41. Rxb7 42. Rxb7
43. Bd2 44. c5 45. Rb1 46. Bc6 47. Rxb7 48. Qxb7 49. Bc1 50. Bf6 51. Qb2 52. Qxb2
53. Bxb2 54. Bd8 55. Kf2 56. Ba5 57. Ke2 58. Ba4 59. Bc1 60. Bc3 61. Bf1 62. Kf7
63. Bg2 64. Ke7 65. Bf1 66. Kd7 67. Bg2 68. Kc6 69. h4 70. Kb6 71. hxg5 72. hxg5
73. Kf2 74. Ka5 75. Bf1 76. Bd1 77. Bh3 78. Ba4 79. Bf1 80. Bc2 81. Ke2 82. Ka4
83. Bxf4 84. Kxa3 85. Bxd6 86. Bb4 87. e5 88. a5 89. e6 90. Ba4 91. f4 92. gxf4
93. g5 94. Be8 95. Bg2 96. a4 97. Be4 98. Kb3 99. g6 100. a3 101. g7 102. a2 103.
g8=Q 104. Bh5+ 105. Bf3 106. a1=Q 107. Bxh5 108. Qe1+ 109. Kf3 110. Qd1+ 111.
Kxf4 112. Bd2+ 113. Ke4 114. Qxh5 115. Qg2 116. Qh7+ 117. Ke5 118. Qxd3 119. Qe4
120. Qg3+ 121. Kd5 122. Qg5+ 123. Kc6 124. Qd8 125. Qb1+ 126. Kc3 127. Qa1+ 128.
Kd3 1/2-1/2

[Event "Druzynowe Mistrzostwa Polski Juniorow - II liga"]
[Site "Sypniewo k. Jastrowia"]
[Date "2023-06-16"]
[Round "3.61"]
[White "Grzadka, Artur"]
[Black "Syrkiewicz, Michal"]
[Result "0-1"]
[WhiteTitle "I"]
[BlackTitle "k"]
[WhiteElo "1770"]
[BlackElo "1945"]

1. d4 2. Nf6 3. Nf3 4. d5 5. g3 6. e6 7. Bg2 8. Be7 9. O-O 10. O-O 11. c4 12. c6
13. Nbd2 14. Nbd7 15. b3 16. b6 17. Bb2 18. Bb7 19. Qc2 20. c5 21. Rfd1 22. Rc8
23. Ne5 24. cxd4 25. Bxd4 26. Qc7 27. Nxd7 28. Nxd7 29. Rac1 30. e5 31. Bb2 32.
d4 33. Bxb7 34. Qxb7 35. Nf1 36. Nc5 37. Qf5 38. f6 39. e3 40. g6 41. Qh3 42.
d3 43. b4 44. Na4 45. Qe6+ 46. Rf7 47. Bc3 48. Rd8 49. Nd2 50. Nxc3 51. Rxc3 52.
Bxb4 53. Rb3 54. Bxd2 55. Rxd2 56. e4 57. c5 58. Rb8 59. cxb6 60. axb6 61. Rb4
62. f5 63. Rdb2 64. Qd7 65. Qb3 66. Kg7 67. f3 68. Qc6 69. Rc4 70. Qd5 71. Qc3+
72. Kh6 73. Kf2 74. Qe6 75. a4 76. Rd7 77. Rd4 78. Rbd8 79. Rbb4 80. Rxd4 81.
exd4 82. e3+ 83. Ke1 84. d2+ 85. Ke2 86. Rc8 0-1

[Event "Druzynowe Mistrzostwa Polski Juniorow - II liga"]
[Site "Sypniewo k. Jastrowia"]
[Date "2023-06-16"]
[Round "3.62"]
[White "Olszewski, Antoni"]
[Black "Dysko, Michal"]
[Result "1-0"]
[WhiteTitle "I"]
[BlackTitle "II+"]
[WhiteElo "1767"]
[BlackElo "1500"]

1. e4 2. c5 3. Nf3 4. Nc6 5. d4 6. cxd4 7. Nxd4 8. Nf6 9. Nc3 10. d6 11. Bc4 12.
Qb6 13. Nb3 14. e6 15. Be3 16. Qc7 17. Qd2 18. a6 19. f3 20. b5 21. Bd3 22. Be7
23. a3 24. Bb7 25. O-O-O 26. Ne5 27. Bxb5+ 28. axb5 29. Nxb5 30. Qb8 31. Nxd6+
32. Bxd6 33. Qxd6 34. Qxd6 35. Rxd6 36. Nc4 37. Rd3 38. Nxe3 39. Rxe3 Ke7 40.
Rd1 41. Rhd8 42. Red3 43. Ba6 44. Rxd8 45. Rxd8 46. Rxd8 47. Kxd8 48. Kd2 49.
Kc7 50. Nc5 51. Bf1 52. g3 53. Nd7 54. Nd3 55. Bxd3 56. cxd3 57. e5 58. Kc3 59.
g6 60. d4 61. f5 62. dxe5 63. fxe4 64. f4 65. Nc5 66. Kd4 67. Kd7 68. b4 69. Na4
70. Kxe4 71. h5 72. f5 73. g5 74. h4 75. Nc3+ 76. Kd3 77. gxh4 78. gxh4 79. Nd5
80. Ke4 81. Kc6 82. f6 83. Nc7 84. b5+ 85. Kd7 86. b6 1-0

[Event "Druzynowe Mistrzostwa Polski Juniorow - II liga"]
[Site "Sypniewo k. Jastrowia"]
[Date "2023-06-16"]
[Round "3.63"]
[White "Olejko, Wojciech"]
[Black "Wasilewski, Dawid"]
[Result "1-0"]
[WhiteTitle "II"]
[BlackTitle "II"]
[WhiteElo "1288"]
[BlackElo "1145"]

1. d4 2. Nf6 3. Bf4 4. g6 5. Nf3 6. Bg7 7. e3 8. a6 9. Bd3 10. Nc6 11. Nbd2 12.
d6 13. c3 14. O-O 15. Qc2 16. Re8 17. Rd1 18. Bg4 19. h3 20. Bxf3 21. Nxf3 22.
e5 23. dxe5 24. dxe5 25. Bh2 26. Qe7 27. Be2 28. Rad8 29. O-O 30. Kh8 31. Rxd8
32. Rxd8 33. Rd1 34. Nd7 35. Nd2 36. f5 37. Bf3 38. e4 39. Be2 40. Nce5 41. Nc4
42. Nxc4 43. Bxc4 44. Ne5 45. Bxe5 46. Bxe5 47. Rd2 48. Rd6 49. Qd1 50. Qd8 51.
Rxd6 52. Bxd6 53. Qd4+ 54. Be5 55. Qxe5+ 56. Qf6 57. Qxf6# 1-0

[Event "Druzynowe Mistrzostwa Polski Juniorow - II liga"]
[Site "Sypniewo k. Jastrowia"]
[Date "2023-06-16"]
[Round "3.66"]
[White "Kalata, Julia"]
[Black "Woytitzki, Maja"]
[Result "0-1"]
[WhiteTitle "I"]
[BlackTitle "I"]
[WhiteElo "1061"]
[BlackElo "1233"]

1. d4 2. Nf6 3. Nc3 4. g6 5. e4 6. d6 7. Bg5 8. Bg7 9. e5 10. dxe5 11. dxe5 12.
Nfd7 13. e6 14. fxe6 15. Nf3 16. O-O 17. Bc4 18. Nb6 19. Bb3 20. Nc6 21. O-O 22.
Kh8 23. Re1 24. e5 25. Qxd8 26. Rxd8 27. Rad1 28. Bg4 29. Nd5 30. Nxd5 31. Rxd5
32. Bxf3 33. gxf3 34. Nd4 35. Kg2 36. Nxb3 37. Rxd8+ 38. Rxd8 39. axb3 40. Rd7
41. Kg3 42. h6 43. Be3 44. a6 45. Kg2 46. Kg8 47. Kf1 48. Kf7 49. Ke2 50. Ke6
51. Bd2 52. h5 53. Bc3 54. Kf5 55. f4 56. e6 57. fxe5 58. Bxe5 59. Bxe5 60. Kxe5
61. Kf3+ 62. Kf5 63. Re3 64. Rd5 65. Rc3 66. c6 67. Rc4 68. g5 69. h3 70. Ra5
71. Ra4 72. Rxa4 73. bxa4 74. e5 75. Ke3 76. e4 77. f3 78. exf3 79. Kxf3 80. g4+
81. hxg4+ 82. hxg4+ 83. Kg3 84. a5 85. c3 86. b5 87. axb5 88. cxb5 89. b3 90.
a4 91. bxa4 92. bxa4 93. c4 94. a3 0-1

[Event "Druzynowe Mistrzostwa Polski Juniorow - II liga"]
[Site "Sypniewo k. Jastrowia"]
[Date "2023-06-16"]
[Round "3.67"]
[White "Pulit, Kacper"]
[Black "Kotula, Pawel"]
[Result "0-1"]
[WhiteTitle "II"]
[BlackTitle "I"]
[WhiteElo "1332"]
[BlackElo "1798"]

1. e4 2. c5 3. Nf3 4. e6 5. d4 6. cxd4 7. Nxd4 8. a6 9. Nc3 10. b5 11. a3 12. Bb7
13. Be3 14. Qc7 15. Be2 16. Nf6 17. Bf3 18. b4 19. axb4 20. Bxb4 21. Bd2 22. Bxc3
23. Bxc3 24. Nxe4 25. Bb4 26. Ng5 27. O-O 28. Nxf3+ 29. Nxf3 30. d5 31. Qd4 32.
f6 33. Rfe1 34. Kf7 35. Qg4 36. Bc8 37. Qh5+ 38. g6 39. Qh6 40. Bd7 41. Nh4 42.
Nc6 43. Bc3 44. e5 45. Nf3 46. Bf5 47. Nh4 48. Be6 49. f4 50. d4 51. Bd2 52. Bd5
53. Nf3 54. e4 55. Nh4 56. e3 57. Bc1 58. Ne7 59. f5 60. Be4 61. Bxe3 62. dxe3
63. Qxe3 64. Bxf5 65. Nxf5 66. Nxf5 67. Qe6+ 68. Kg7 69. g4 70. Rhe8 71. Qd5 72.
Ne3 73. Qf3 74. Nxc2 75. Rxe8 76. Rxe8 77. Rc1 78. Qb6+ 79. Kh1 80. Qxb2 81. Qf4
82. Qxc1+ 83. Qxc1 84. Re1+ 0-1

[Event "Druzynowe Mistrzostwa Polski Juniorow - II liga"]
[Site "Sypniewo k. Jastrowia"]
[Date "2023-06-16"]
[Round "3.68"]
[White "Jania, Kamil"]
[Black "Penar, Marcin"]
[Result "1/2-1/2"]
[WhiteTitle "II"]
[BlackTitle "II"]
[WhiteElo "1130"]
[BlackElo "1280"]

1. e4 2. c5 3. Nf3 4. Nc6 5. c3 6. d6 7. Bb5 8. Bd7 9. d4 10. cxd4 11. cxd4 12.
g6 13. Nc3 14. Bg7 15. O-O 16. a6 17. Bxc6 18. Bxc6 19. Re1 20. e5 21. d5 22.
Bd7 23. Be3 24. Bh6 25. Qb3 26. Bxe3 27. Rxe3 28. b5 29. Nd2 30. Ne7 31. Ne2 32.
O-O 33. Rc3 34. f5 35. f3 36. fxe4 37. Nxe4 38. Qb6+ 39. Kh1 40. Nf5 41. Qd1 42.
Kg7 43. Qd2 44. Rac8 45. Rac1 46. Rxc3 47. Rxc3 48. Ne7 49. N2g3 50. h6 51. Ne2
52. g5 53. a3 54. Bf5 55. N2g3 56. Bxe4 57. Nxe4 58. Rc8 59. Rxc8 60. Nxc8 61.
Nxg5 62. Kg6 63. Ne4 64. Ne7 65. Nc3 66. Kg7 67. h3 68. Qd4 69. Qxd4 70. exd4
71. Ne4 72. Nxd5 73. Kg1 74. Ne3 75. Kf2 76. Nd1+ 77. Ke2 78. Nxb2 79. Nxd6 80.
Nc4 81. Nxc4 82. bxc4 83. Kd2 84. Kf6 1/2-1/2

[Event "Druzynowe Mistrzostwa Polski Juniorow - II liga"]
[Site "Sypniewo k. Jastrowia"]
[Date "2023-06-16"]
[Round "3.69"]
[White "Plywacz, Mateusz"]
[Black "Reterski, Wiktor"]
[Result "1/2-1/2"]
[WhiteTitle "II"]
[BlackTitle "II"]
[WhiteElo "1584"]
[BlackElo "1310"]

1. e4 2. c5 3. Nf3 4. e6 5. c3 6. a6 7. d4 8. d5 9. exd5 10. exd5 11. Bd3 12. c4
13. Bc2 14. Bd6 15. O-O 16. Ne7 17. b3 18. Bg4 19. Re1 20. h6 21. h3 22. Bxf3
23. Qxf3 24. cxb3 25. axb3 26. O-O 27. Nd2 28. Nbc6 29. Nf1 30. Qc7 31. Ne3 32.
Rad8 33. Nf5 34. Nxf5 35. Qxf5 36. g6 37. Qd3 38. Bh2+ 39. Kh1 40. Bf4 41. Be3
42. Bxe3 43. Rxe3 44. Rc8 45. Bd1 46. Rfe8 47. Rxe8+ 48. Rxe8 49. Bf3 50. Qd6
51. Rd1 52. Kg7 53. b4 54. b5 55. g3 56. Nb8 57. Kg2 58. Nd7 59. Ra1 60. Nf6 61.
Qc2 62. Rc8 63. Qb2 64. Qe6 65. Qd2 66. Qc6 67. Ra3 68. Re8 69. Ra1 70. Rc8 71.
Ra3 72. Ne8 73. Qa2 74. Nc7 75. Qb3 76. Rd8 77. Qa2 78. Rd6 79. Qe2 80. Re6 81.
Qd2 82. Rd6 83. Qe2 84. Na8 85. Qe5+ 86. Kg8 87. Qf4 88. h5 89. Qd2 90. Nc7 91.
Qb2 92. Re6 93. Qd2 94. Qb7 95. Ra1 96. Na8 97. Qa2 98. Rd6 99. Qa3 100. Nc7 101.
Qb3 102. Qc6 103. Re1 104. Re6 105. Ra1 106. Kg7 107. Rd1 108. Rd6 109. Re1 110.
Na8 111. Ra1 112. Qb7 113. Qa2 114. f6 115. h4 Nc7 116. Re1 117. Kf7 118. Qd2
119. Kg7 120. Ra1 1/2-1/2

[Event "Druzynowe Mistrzostwa Polski Juniorow - II liga"]
[Site "Sypniewo k. Jastrowia"]
[Date "2023-06-16"]
[Round "3.70"]
[White "Wasilewski, Mateusz"]
[Black "Schiller, Marcin"]
[Result "0-1"]
[WhiteTitle "II"]
[BlackTitle "II+"]
[WhiteElo "1227"]
[BlackElo "1327"]

1. e4 2. e6 3. d4 4. d5 5. Nd2 6. Nf6 7. e5 8. Nfd7 9. c3 10. c5 11. Bd3 12. Nc6
13. Ne2 14. Be7 15. Nf3 16. O-O 17. O-O 18. f6 19. exf6 20. Nxf6 21. Re1 22. cxd4
23. Nexd4 24. Nxd4 25. cxd4 26. Bd6 27. b3 28. Bd7 29. Bb2 30. Qb6 31. h3 Rae8
32. Rc1 33. Qa5 34. Bb1 35. Ne4 36. Bxe4 37. dxe4 38. Rxe4 39. Bc6 40. Rg4 41.
Bxf3 42. gxf3 43. h5 44. Bc3 45. Qf5 46. Rg2 47. Qxh3 48. d5 49. e5 50. Bd2 51.
Rxf3 52. Bh6 53. Rf7 54. Rc4 55. e4 56. Qe2 57. Qf3 58. Qe1 59. h4 60. Qa1 61.
Be5 62. Rc8 63. Bxa1 64. Rxe8+ 65. Kh7 0-1